000 01074cam a2200289 a 4500
999 _c2172
_d2172
001 1002934
003 OSt
005 20230320114043.0
008 120403r20092001nyua j 000 1 eng
020 _a9780316043472 (pbk.) :
035 _aLIB-BW-101-008
040 _aBTCTA
_cBTCTA
_dWEA
_dYDXCP
_dMTU
_dKH8
042 _anbic
082 _a155.22 PAR
100 1 _aParr, Todd.
_eauthor
245 1 0 _aIt's okay to be different /
_cTodd Parr.
246 3 _aIt is okay to be different.
250 _a1st pbk. ed.
260 _aNew York :
_bLittle, Brown,
_c2009, c2001.
300 _a1 v. (unpaged) :
_bcol. ill. ;
_c25 cm.
500 _aOriginally published: Boston : Little, Brown, c2001.
500 _aMegan Tingley books.
520 _aIllustrations and brief text describe all kinds of differences that are okay, such as It's okay to be a different color, It's okay to need some help, It's okay to be adopted, and It's okay to have a different nose.
650 0 _aSelf-esteem
_vFiction.
650 0 _aIndividuality
_vProblems, exercises, etc.
942 _2ddc
_cNFIC